000 00439cam a2200181ua 4500
041 _aeng
_h
082 _a636.0876
_bWOR/AL
100 _aAlbertsen, V.E .
245 _aMeat hygiene /
_cV.E.Albertsen.
_hTextual Documents
250 _a1 /
_b.
260 _aGeneva :
_bWorld Health Organisation ,
_c1957.
300 _a527 ; .
504 _a
700 1 _aBenoit, R .
700 1 _aBlom, T .
942 _cBK
999 _c2272
_d2272